000 00278nam a2200109Ia 4500
008 200302s9999 xx 000 0 und d
100 _aSteven Peck
245 _aAward Winning Green Roof Designs
260 _bA Schiffer Book Publishing Ltd.,
260 _c2008
300 _a176 P.,
999 _c2982
_d2982